| 000 | 00683nam a22001817a 4500 | ||
|---|---|---|---|
| 003 | 0 | ||
| 005 | 20160609165230.0 | ||
| 008 | 091125t xxu||||| |||| 00| 0 eng d | ||
| 037 | _bDon | ||
| 040 |
_aBiblio-EPAC _bF _cUAC |
||
| 082 | _a27.APE/ADJ | ||
| 100 |
_aSessi Gilles Christian _92384 |
||
| 245 | _aEtude phytoécologique des savanes soudano-saheliennes et caractéristiques dendrométrieques de Afzelia Afrcana Smith Ex Pers.,Daniella Oliveri (Rolfe) Hutch.&Dalz. et Anogeissus Leiocarpa (DC)Guill.& Perr. : cas de la RBT-W (Bénin),Commune de Karimama | ||
| 260 |
_aBiblio -EPAC _bUAC _c2007-2008 |
||
| 300 | _aI-52p | ||
| 650 |
_bGENIE ENVIRONNEMENT _92385 |
||
| 942 | _cLIVR | ||
| 999 |
_c46593 _d46593 |
||